Omosessualità /

保存先:
書誌詳細
第一著者: Steiner, George, (1929-2020)
その他の著者: Almansi, Guido (解説の著者, 等.), Boyers, Robert (編集者), Boyers, Peggy (編集者), Boswell, John, Foucault, Michel, Robinson, Paul, Sedgwick, Peter, Elshtain, Jean Bethke, Bedient, Calvin, Nachman, Larry David, Green, Martin, Rieff, Philip, Pedio, Renata
フォーマット: 図書
言語:イタリア語
出版事項: Milano : Feltrinelli, 1984
シリーズ:Saggi
主題:
タグ: タグ追加
タグなし, このレコードへの初めてのタグを付けませんか!

MARC

LEADER 00000nam a22000007i 4500
001 IT\ICCU\CFI\0082486
003 ItRI
005 20260124130023.0
008 890126s1984 it |||||| ||||| |||||c
020 |a 8807080230 
040 |b ita  |c ct 
041 7 |a ita  |2 ISO-639-2 
082 |a 306.7  |2 11 
100 1 |a Steiner, George,  |d  (1929-2020)  |0 IT\ICCU\CFIV\035912 
240 1 0 |a Homosexuality. - 
245 1 0 |a Omosessualità /  |c testi di George Steiner ... [et al.] ; a cura di Robert e Peggy Boyers ; prefazione di Guido Almansi. 
260 |a Milano :  |b Feltrinelli,  |c 1984 
300 |a 220 p. ;  |c 22 cm 
650 7 |a Omosessualità 
700 1 |a Almansi, Guido  |0 IT\ICCU\CFIV\022805  |4 aui 
700 1 |a Boyers, Robert  |0 IT\ICCU\CFIV\052446  |4 edt 
700 1 |a Boyers, Peggy  |0 IT\ICCU\CFIV\052448  |4 edt 
700 |a Boswell, John 
700 |a Foucault, Michel 
700 |a Robinson, Paul 
700 |a Sedgwick, Peter 
700 |a Elshtain, Jean Bethke 
700 |a Bedient, Calvin 
700 |a Nachman, Larry David 
700 |a Green, Martin 
700 |a Rieff, Philip 
700 |a Pedio, Renata 
830 0 |a Saggi  |0 IT\ICCU\CFI\0004126 
942 |2 ddc  |c BK 
952 |0 0  |1 0  |2 ddc  |4 0  |6 306_700000000000000_STE_OMO  |7 1  |9 3221  |a RN  |b RN  |d 2025-02-17  |e DONO RIMONDINI  |l 0  |o 306.7 STE OMO  |p 10480  |r 2025-02-17 23:57:36  |w 2025-02-17  |y BK 
952 |0 0  |1 0  |2 ddc  |4 0  |6 B_SCR04BOYROOMO11  |7 0  |9 8732  |a MI  |b MI  |d 1987-11-18  |i 779  |l 0  |o B-SCR04-BOYRO-OMO11  |p CDOM779  |r 2025-07-17 21:50:34  |w 2025-07-17  |x ACQUISTO  |y BK 
952 |0 0  |1 0  |4 0  |6 DOC_306_766000000000000_STE  |7 0  |9 14960  |a BO  |b BO  |d 2026-01-15  |i 1284  |l 0  |o DOC 306.766 STE  |p BO1284  |r 2026-01-15 23:18:56  |w 2026-01-15  |x [Sebina 7] [1 v.]  |y BK  |z 1 v. 
981 1 |6 z01  |a i   |b xxxe  
982 1 |6 z01  |a n 
999 |c 7944  |d 7944